000
00220nam a2200097Ia 4500
008
190216s9999||||xx |||||||||||||| ||und||
100
_a
Null
245
0
_a
Hindi-Yugo Yugo Kanthi
260
_b
Bhasha Institute
942
_c
BK
999
_c
18560
_d
18560